Munkavízum az NDK-ba [rövid hír]
Elmentve itt :
| Dokumentumtípus: | Cikk |
|---|---|
| Megjelent: |
1970-10-15
|
| Sorozat: | Délmagyarország
60 No. 242 |
| Kulcsszavak: | Szakképzés szakmai gyakorlat NDK 1970, ifjúság |
| Online Access: | http://dmarchiv.bibl.u-szeged.hu/69931 |
| LEADER | 00445nab a2200145 i 4500 | ||
|---|---|---|---|
| 001 | delm69931 | ||
| 005 | 20180927153644.0 | ||
| 008 | 180927s1970 hu o 0|| hun d | ||
| 040 | |a SZTE Délmagyarország Archívum |b hun | ||
| 041 | |a hun | ||
| 245 | 0 | 0 | |a Munkavízum az NDK-ba |h [elektronikus dokumentum] : |b [rövid hír] |
| 260 | |c 1970-10-15 | ||
| 300 | |a 8 | ||
| 490 | 0 | |a Délmagyarország |v 60 No. 242 | |
| 695 | |a Szakképzés szakmai gyakorlat NDK 1970, ifjúság | ||